[Event "Pirai do Sul op 25th"]
[Site "Chess.com INT"]
[Date "2020.12.26"]
[Round "3"]
[White "Trupel, Felipe Do Amaral"]
[Black "Da Silva, Jackson Bueno"]
[Result "0-1"]
[WhiteElo "1637"]
[BlackElo "1440"]
[PlyCount "58"]
[EventDate "2020.12.26"]
[EventType "swiss"]
[EventRounds "12"]
[EventCountry "BRA"]
[SourceTitle "CBM 200 Extra"]
[Source "ChessBase"]
[SourceDate "2021.03.31"]
[SourceVersion "1"]
[SourceVersionDate "2021.03.31"]
[SourceQuality "1"]

1. e4 e5 2. Nf3 Nc6 3. Bc4 Be7 4. c3 Nf6 5. d3 0-0 6. 0-0 d6 7. h3 a6 8. a4 Be6 9. Nbd2 Bxc4 10. Nxc4 b5 11. Ne3 Rb8 12. axb5 axb5 13. b4 Re8 14. Nh2 d5 15. f3 d4 16. Nf5 dxc3 17. Qb3 Nxb4 18. Ba3 c5 19. Qxc3 Nxd3 20. Rfd1 c4 21. Bxe7 Rxe7 22. Nxe7+ Qxe7 23. Ng4 Nxg4 24. hxg4 Qc5+ 25. Kh2 b4 26. Qd2 h6 27. Rac1 Nxc1 28. Rxc1 c3 29. Qc2 b3 0-1

[Event "Paranaense-ch U20"]
[Site "Pirai do Sul"]
[Date "2019.07.12"]
[Round "1.7"]
[White "Da Silva, Jackson Bueno"]
[Black "Fraga, Heitor Carneiro"]
[Result "0-1"]
[WhiteElo "1455"]
[BlackElo "1761"]
[PlyCount "89"]
[EventDate "2019.07.12"]
[EventType "swiss"]
[EventRounds "6"]
[EventCountry "BRA"]
[SourceTitle "EXT 2022"]
[Source "ChessBase"]
[SourceDate "2021.10.06"]
[SourceVersion "1"]
[SourceVersionDate "2021.10.06"]
[SourceQuality "1"]

1. e4 c6 2. d4 d5 3. e5 Bf5 4. Nf3 e6 5. Bd3 Bxd3 6. Qxd3 c5 7. Bg5 Qb6 8. Nc3 Nc6 9. Qb5 cxd4 10. Qxb6 axb6 11. Nb5 Rc8 12. Nbxd4 Nxd4 13. Nxd4 Rc4 14. c3 Bc5 15. Be3 Ne7 16. 0-0 Nc6 17. Nb5 Nxe5 18. b4 Be7 19. Bxb6 Kd7 20. Bd4 Bf6 21. a4 Ng4 22. Bxf6 Nxf6 23. f3 Nh5 24. g3 Rhc8 25. Rfd1 Nf6 26. Rd3 Ne8 27. Rc1 Nd6 28. Na3 Rxb4 29. cxb4 Rxc1+ 30. Kf2 Nc4 31. h4 Nxa3 32. Rxa3 Rb1 33. b5 Kc7 34. Ke2 Kb6 35. Kd2 Rb4 36. Ke3 Ka5 37. Rc3 Rc4 38. Rxc4 dxc4 39. Kd4 Kb4 40. Ke3 Kxa4 41. b6 Kb3 42. Kd4 c3 43. Kc5 c2 44. Kd6 c1Q 45. Ke7 0-1

[Event "BRA-ch U14"]
[Site "Florianopolis"]
[Date "2019.04.21"]
[Round "6"]
[White "Haraguchi, Matheus Sashaki"]
[Black "Da Silva, Jackson Bueno"]
[Result "0-1"]
[WhiteElo "1479"]
[BlackElo "1406"]
[PlyCount "116"]
[EventDate "2019.04.18"]
[EventType "swiss"]
[EventRounds "6"]
[EventCountry "BRA"]
[SourceTitle "CBM 190 Extra"]
[Source "ChessBase"]
[SourceDate "2019.07.15"]
[SourceVersion "1"]
[SourceVersionDate "2019.07.15"]
[SourceQuality "1"]

1. c4 e5 2. Nc3 Bc5 3. g3 Nf6 4. Bg2 0-0 5. e4 d6 6. Nge2 Nc6 7. 0-0 Bg4 8. h3 Bxe2 9. Nxe2 Nd4 10. a3 a6 11. b4 Bb6 12. Bb2 Nxe2+ 13. Qxe2 Re8 14. Kh2 Qd7 15. d3 Rad8 16. Rad1 c5 17. Qc2 Qc6 18. Bc3 Rc8 19. Rb1 Qc7 20. Rb3 Rb8 21. Qb2 Re7 22. Bd2 h6 23. Be3 Nd7 24. f4 cxb4 25. Bxb6 Nxb6 26. Rxb4 Nd7 27. fxe5 dxe5 28. Qc3 Qd6 29. Rfb1 Nc5 30. Bf1 Rd8 31. Rb6 Qc7 32. Be2 Na4 33. Qa5 Nxb6 34. Rxb6 Rd6 35. c5 Rxb6 36. cxb6 Qc2 37. Qe1 Re6 38. Qf2 Rf6 39. Qe3 Qb2 40. a4 Rxb6 41. h4 Rc6 42. Kh3 Qc1 43. Qa7 Rg6 44. Bf3 Qe1 45. Qb8+ Kh7 46. Qxe5 Qf1+ 47. Bg2 Qxd3 48. h5 Qd7+ 49. Kh2 Rf6 50. Qb2 Qxa4 51. Qxb7 Qb5 52. Qa8 a5 53. e5 Qxe5 54. Bf3 g6 55. hxg6+ fxg6 56. Qb7+ Kh8 57. Qc8+ Kg7 58. Qg4 Qh5+ 0-1

[Event "Caioba Telecom op"]
[Site "Caioba"]
[Date "2018.08.02"]
[Round "3"]
[White "Da Silva, Jackson Bueno"]
[Black "Bartmeyer, Jose Francisco"]
[Result "1-0"]
[WhiteElo "1451"]
[BlackElo "1200"]
[PlyCount "45"]
[EventDate "2018.08.01"]
[EventType "swiss"]
[EventRounds "9"]
[EventCountry "BRA"]
[SourceTitle "CBM 186 Extra"]
[Source "ChessBase"]
[SourceDate "2018.08.24"]
[SourceVersion "1"]
[SourceVersionDate "2018.08.24"]
[SourceQuality "1"]

1. e4 e5 2. Nf3 Nc6 3. Bc4 Bc5 4. Nc3 d6 5. h3 Nf6 6. d3 h6 7. 0-0 0-0 8. Na4 Na5 9. Nxc5 Nxc4 10. dxc4 dxc5 11. Qe2 Qe7 12. b3 a5 13. Bb2 Nd7 14. Rad1 a4 15. Rd3 axb3 16. axb3 b6 17. Rfd1 c6 18. Rd6 Ra2 19. Bc3 f6 20. Rxc6 Qd8 21. Rcd6 Rf7 22. Nh4 g5 23. Nf5 1-0

[Event "Caioba Telecom op"]
[Site "Caioba"]
[Date "2018.08.01"]
[Round "1"]
[White "Da Silva, Jackson Bueno"]
[Black "Filgueiras, Nathan Felipe"]
[Result "0-1"]
[WhiteElo "1451"]
[BlackElo "2140"]
[PlyCount "74"]
[EventDate "2018.08.01"]
[EventType "swiss"]
[EventRounds "9"]
[EventCountry "BRA"]
[SourceTitle "CBM 186 Extra"]
[Source "ChessBase"]
[SourceDate "2018.08.24"]
[SourceVersion "1"]
[SourceVersionDate "2018.08.24"]
[SourceQuality "1"]

1. e4 c5 2. Nf3 Nc6 3. Nc3 d6 4. Be2 g6 5. d3 Bg7 6. Be3 Nf6 7. Qd2 Ng4 8. Bf4 0-0 9. h3 Nf6 10. Bh6 Nd4 11. Bxg7 Kxg7 12. 0-0 e5 13. Nxd4 cxd4 14. Nd5 Nxd5 15. exd5 b6 16. Rac1 Bb7 17. Bf3 Qd7 18. Qb4 f5 19. c3 dxc3 20. Rxc3 Rac8 21. Rfc1 Rc5 22. Rxc5 dxc5 23. Qa3 a5 24. Qb3 Qd6 25. Re1 Rd8 26. Qc3 Kf6 27. Qb3 Rd7 28. a4 Kf7 29. Qc3 Bxd5 30. Bxd5+ Qxd5 31. Qxe5 Qxe5 32. Rxe5 Rxd3 33. Re3 Rxe3 34. fxe3 Ke6 35. Kf1 Kd5 36. Ke2 Kc4 37. Kd2 Kb3 0-1

[Event "BRA-ch U14"]
[Site "Florianopolis"]
[Date "2018.04.29"]
[Round "3"]
[White "Da Silva, Jackson Bueno"]
[Black "Vivan, Eduardo Henrique Pr"]
[Result "0-1"]
[WhiteElo "1437"]
[BlackElo "1752"]
[PlyCount "134"]
[EventDate "2018.04.28"]
[EventType "swiss"]
[EventRounds "6"]
[EventCountry "BRA"]
[SourceTitle "EXT 2021"]
[Source "ChessBase"]
[SourceDate "2020.10.23"]
[SourceVersion "1"]
[SourceVersionDate "2020.10.23"]
[SourceQuality "1"]

1. e4 e5 2. Nf3 Nc6 3. Bb5 a6 4. Bxc6 bxc6 5. Nxe5 Qg5 6. Ng4 d5 7. h3 dxe4 8. Nc3 Bxg4 9. Qxg4 Qxg4 10. hxg4 Nf6 11. g5 Nd5 12. Nxe4 Nb4 13. Kd1 Be7 14. d3 0-0 15. Re1 Rfe8 16. a3 Nd5 17. c4 Nb6 18. Bf4 Rac8 19. Kc2 Na4 20. Be3 Rcd8 21. Re2 Bd6 22. Rae1 Kf8 23. c5 Be5 24. b3 f5 25. gxf6 gxf6 26. bxa4 f5 27. f4 fxe4 28. Rf2 exd3+ 29. Kd1 Bc3 30. Bd2 Rxe1+ 31. Kxe1 Bxd2+ 32. Rxd2 Ke7 33. Kf2 Rd4 34. Ke3 Rxa4 35. Rxd3 Rc4 36. Kd2 Rxc5 37. Rg3 Kf7 38. Rh3 h5 39. Kd3 Kg6 40. Rg3+ Kf7 41. Ke4 Rc4+ 42. Kd3 Rxf4 43. Ke2 c5 44. Rc3 c4 45. Ke3 Rg4 46. Kf2 Ke6 47. Rf3 Rg5 48. Rc3 Kd5 49. Kf3 h4 50. Kf2 Rg3 51. Rxg3 hxg3+ 52. Ke3 c5 53. Kd2 Kd4 54. Kc2 Ke3 55. Kc3 Kf2 56. Kxc4 Kxg2 57. Kxc5 Kf2 58. a4 g2 59. Kb6 g1Q 60. Kxa6 Qb1 61. Ka5 Ke3 62. Ka6 Kd4 63. a5 Kc5 64. Ka7 Kc6 65. a6 Qh7+ 66. Ka8 Qb1 67. a7 Qb7# 0-1

[Event "BRA-ch U16"]
[Site "Itajai"]
[Date "2017.06.03"]
[Round "5"]
[White "Da Silva, Jackson Bueno"]
[Black "Bartmeyer, Jose Francisco"]
[Result "0-1"]
[WhiteElo "1872"]
[BlackElo "1691"]
[PlyCount "92"]
[EventDate "2017.06.01"]
[EventType "swiss"]
[EventRounds "6"]
[EventCountry "BRA"]
[SourceTitle "CBM 179 Extra"]
[Source "ChessBase"]
[SourceDate "2017.08.23"]
[SourceVersion "1"]
[SourceVersionDate "2017.08.23"]
[SourceQuality "1"]

1. e4 e5 2. Nf3 Nc6 3. Bb5 a6 4. Bxc6 dxc6 5. Nxe5 Qd4 6. Ng4 Qxe4+ 7. Ne3 Bc5 8. 0-0 Nf6 9. d3 Qe7 10. Re1 0-0 11. Nc4 Be6 12. Ne3 Qd7 13. h3 h6 14. Nc3 Bb4 15. Bd2 Rfe8 16. a3 Bd6 17. Ne4 Nxe4 18. dxe4 Rad8 19. Bc3 b5 20. Bb4 c5 21. Ba5 b4 22. Nd5 Rb8 23. Qd3 Bxd5 24. exd5 Rxe1+ 25. Rxe1 Re8 26. Rxe8+ Qxe8 27. Qxa6 Qe1+ 28. Qf1 Bh2+ 29. Kxh2 Qxf1 30. axb4 Qc4 31. Bxc7 Qxd5 32. bxc5 Qxc5 33. Bf4 Qxc2 34. Be5 Qxf2 35. b4 Qe2 36. Bd6 f5 37. Bc5 Kf7 38. Kg3 g5 39. Kh2 h5 40. Kg1 h4 41. Kh2 g4 42. hxg4 fxg4 43. Ba7 Ke6 44. Bb8 Kd5 45. Bf4 h3 46. Kg1 Qxg2# 0-1